Normal view MARC view
  • Ciabal, Laura Evelyn Paunil-

Entry Personal Name

Number of records used in: 4

001 - CONTROL NUMBER

  • control field: 2091

003 - CONTROL NUMBER IDENTIFIER

  • control field: URS

005 - DATE AND TIME OF LATEST TRANSACTION

  • control field: 20220822163044.0

008 - FIXED-LENGTH DATA ELEMENTS

  • fixed length control field: 220822|| aca||aabn | a|a d

040 ## - CATALOGING SOURCE

  • Original cataloging agency: URS

100 ## - HEADING--PERSONAL NAME

  • Personal name: Ciabal, Laura Evelyn Paunil-
  • Relator term: author

University of Rizal System
Email us at univlibservices@urs.edu.ph

Visit our Website www.urs.edu.ph/library